| 000 | 00773nam a2200229 a 4500 | ||
|---|---|---|---|
| 999 |
_c7126 _d7126 |
||
| 001 | 7124 | ||
| 003 | BD-JhCC | ||
| 005 | 20180403114352.0 | ||
| 008 | 171231s1373 bg |||| ||a| 000 0 ben d | ||
| 035 | _a(BD-JhCC)7124 | ||
| 040 |
_aBD-JhCC _dBD-JhCC |
||
| 041 | _aben | ||
| 082 |
_a954.92 _bBAN 1973 |
||
| 245 |
_aবাংলাদেশের অগ্রগতি ১৯৭৩/ _cতথ্য ও বেতার মন্ত্রণালয় |
||
| 260 |
_aঢাকা : _bতথ্য ও বেতার মন্ত্রণালয়, _c1973. |
||
| 300 |
_a109 p. : _c24 cm. |
||
| 650 | _aBangladesh | ||
| 650 | _aEconomic development | ||
| 710 | _aতথ্য ও বেতার মন্ত্রণালয় | ||
| 942 |
_2ddc _cBK |
||